[Event "IECG CN.2000.0.00170"]
[Site "IECG email"]
[Date "2000.01.26"]
[Round "?"]
[White "Mellings, David"]
[Black "Fabris, Joao Pedro"]
[Result "0-1"]
[WhiteElo "800"]
[BlackElo "800"]
[PlyCount "68"]
[EventDate "2000.01.26"]
[EventType "tourn (corr)"]
[EventRounds "6"]
[SourceTitle "Corr 2008"]
[Source "ChessBase"]
[SourceDate "2008.06.24"]
[SourceVersion "1"]
[SourceVersionDate "2008.06.24"]
[SourceQuality "1"]

1. e4 d5 2. exd5 Qxd5 3. Nc3 Qa5 4. Be2 Nf6 5. Nf3 Bg4 6. h3 Bh5 7. a3 e6 8. 0-0 Be7 9. d4 c6 10. Bf4 Nbd7 11. b4 Qd8 12. Re1 Nb6 13. Bd3 0-0 14. Ne4 Nbd5 15. Be5 Nxe4 16. Bxe4 Nf6 17. Bd3 Bd6 18. c3 Bxe5 19. dxe5 Nd7 20. Qc2 Bxf3 21. gxf3 Qg5+ 22. Kh1 Nxe5 23. Bxh7+ Kh8 24. Be4 Qh5 25. Qe2 Qxh3+ 26. Kg1 f5 27. f4 fxe4 28. fxe5 Rf4 29. Qxe4 Rg4+ 30. Qxg4 Qxg4+ 31. Kh2 Rf8 32. Ra2 Rf5 33. Re3 Rh5+ 34. Rh3 Rxh3# 0-1